| 000 | 01001nam a22001817a 4500 | ||
|---|---|---|---|
| 999 |
_c56939 _d56939 |
||
| 003 | Ge_BSU | ||
| 005 | 20190628155723.0 | ||
| 008 | 190628s1961 ge ||||| |||| 00| 0 geo d | ||
| 041 | _ageo | ||
| 080 | _a 621:658.5(075.8) კ--39 | ||
| 100 |
_aკელენჯერიძე, ბიძინა. _93062 |
||
| 245 |
_aმანქანათსაშენებელ საწარმოთა ორგანიზაცია და დაგეგმვა : _bუმაღლ. ტექნ. სასწ. მექანიკა-მანქანათმშენებლობის სპეც. სტუდ. / _cბიძინა, კელენჯერიძე. |
||
| 264 |
_aთბილისი : _bცოდნა, _c1961. |
||
| 300 |
_a 215გვ. : _bნახაზ. და ილ., 5ფ. სქემ. ; _c 22 სმ. |
||
| 504 | _aბიბლიოგრ.: გვ. 211-212. | ||
| 653 | _a მანქანათმშენებლობა | ||
| 942 |
_2udc _cBK |
||